| 000 | 00350nam a22001457a 4500 | ||
|---|---|---|---|
| 020 | _a0-8247-1185-8 | ||
| 041 | _aENG | ||
| 100 | _aFennema.O.R | ||
| 245 | _aLow Temperature Preservation of Foods and Living Matter | ||
| 260 |
_aNew York _bMarcel Dekker _c1973 |
||
| 300 | _a598 | ||
| 650 | _aAPE ( 02 ) | ||
| 700 | _aPowrie.W.D | ||
| 856 | _uAPE ( 02 ) | ||
| 999 |
_c2814 _d2814 |
||